| 000 | 01591nam a2200361Ic 4500 | ||
|---|---|---|---|
| 001 | 58984 | ||
| 003 | CO-BoRNBP | ||
| 005 | 20250901203348.0 | ||
| 007 | ta | ||
| 008 | 180109s2017 ck g 000 0 spa | ||
| 020 | _a9789588940885 | ||
| 040 |
_aCO-BoRNBP _bspa _erda _cCO-BoRNBP |
||
| 041 | _aspa | ||
| 082 | 0 | 4 |
_a338.9 _bS73m |
| 100 |
_aStiglitz, Joseph E. _d1943- _eaut _964565 |
||
| 245 | 1 | 0 |
_aMalestar en la globalización / _cJoseph E. Stiglitz ; traducción de Carlos Rodríguez Braun. |
| 250 | _aPrimera edición | ||
| 264 | 1 |
_aBogotá, Colombia : _bDebolsillo, _c2017 |
|
| 300 | _a447 páginas | ||
| 336 |
_atexto _btxt _2rdacontent |
||
| 337 |
_asin mediación _bn _2rdamedia |
||
| 338 |
_avolumen _bnc _2rdacarrier |
||
| 490 | 0 | _aEnsayo | |
| 500 | _aContiene información del autor | ||
| 505 | 0 | _a1. La promesa de las instituciones globales -- 2. Promesas rotas -- 3. ¿Libertad de elegir? -- 4. La crisis del Este Asiático. De cómo las políticas del FMI llevaron al mundo al borde de un colapso global -- 5. ¿Quién perdió a Rusia? -- 6. Leyes comerciales injustas y otros agravios -- 7. Mejores caminos hacia el mercado -- 8. La otra agenda del FMI -- 9. Camino al futuro | |
| 586 | _aPremio Nobel de Economía | ||
| 610 | 2 | 4 |
_aFondo Monetario Internacional _964566 |
| 650 | 0 | 7 |
_aGlobalizacion _xAspectos económicos _zPaíses En Desarrollo _2LEMB _964567 |
| 650 | 0 | 7 |
_aIntegración económica internacional _2lemb _9233 |
| 650 | 0 | 7 |
_aRegulación del comercio exterior _2lemb _9236 |
| 700 | 1 |
_aRodríguez Braun, Carlos, _d1948- _etrl _964568 |
|
| 942 |
_2ddc _cBK |
||
| 999 |
_c58984 _d58984 |
||